000 00313nam a2200133 i 4500
001 bg
100 1 _aHERCHOLD, Witold
245 0 _aĆwiczenia laboratoryjne z fizyki /
_cW. Herchold.
260 _aPoznań,
_c1979.
040 _cBPK
041 _apol
942 _cKS
008 s pl f |000 0 pol
999 _c18878
_d18878
856 _uhttp://koha.tu.koszalin.pl/cgi-bin/koha/opac-detail.pl?biblionumber=18878
_yKatalog online BPK